| 000 | 01407cac a22003735a 4500 | ||
|---|---|---|---|
| 001 | 13274616 | ||
| 005 | 20150830104413.0 | ||
| 006 | m||||f ||z 00| 0 | ||
| 007 | ta | ||
| 008 | 030714t2004 us a |r 001 0 eng | ||
| 010 | _a 2003058832 | ||
| 020 | _a0735619557 | ||
| 020 | _a9780735619555 | ||
| 040 |
_aDLC _beng _cDLC _dEG-ScBUE |
||
| 082 | 0 | 0 |
_a658.40402855369 _bCHA _222 |
| 100 | 1 |
_aChatfield, Carl S, _d1964- _913130 |
|
| 245 | 1 | 0 |
_aMicrosoft Office Project 2003 / _cCarl Chatfield, Timothy Johnson. |
| 260 |
_aRedmond : _bMicrosoft Press, _cc.2004. |
||
| 300 |
_axlv, 512 p. : _bill. (some col.) ; _c24 cm. + _e1 CD-ROM (4 3/4 in.) |
||
| 490 | 1 | _aStep by step | |
| 500 | _aIndex : p. 497-512. | ||
| 500 | _aGlossary : p. 485-495. | ||
| 538 | _aSystem requirements for accompanying CD-ROM: IBM PC or compatible system with pentium 133 MHz processor; Windows 2000 with SP3 or Windows XP or later operating system. | ||
| 590 | _aDoha Reviewed by : Wessam | ||
| 650 | 0 |
_aProject management _xComputer programs. _913132 _2BUEsh |
|
| 650 | 0 |
_aMicrosoft Project. _2BUEsh |
|
| 651 | _2BUEsh | ||
| 653 |
_cAugust2015 _bCOMSCI |
||
| 655 |
_vreading book _934232 |
||
| 700 | 1 |
_aJohnson, Timothy D., _d1962- _913133 |
|
| 830 | 0 |
_aStep by step _913134 |
|
| 856 | 4 | 2 |
_3Publisher description _uhttp://www.loc.gov/catdir/enhancements/fy1004/2003058832-d.html |
| 942 |
_2ddc _cBB _k658.40402855369 CHA |
||
| 999 |
_c13786 _d13786 |
||